000 00964nam a2200253Ia 4500
003 GCL
008 140319s9999 xx 000 0 ara d
040 _aGCL /
_cGCL
082 0 4 _a257.1
_bم ا
100 1 _aخالد رشيد الجميلى
245 1 0 _aالاحكام السلطانية والولايات الدينية وبهامشة اقتباس الانام فى تخريج احاديث الاحكام /
_cخالد رشيد الجميلى
700 1 _aالمارودى, ابو الحسن على البصرى
260 _a[S.N] :
_bالمكتبة العالمية ،
_c1989
300 _a399 ص
490 _a
650 0 4 _aالخلافة
650 0 4 _aالشريعة الاسلامية
650 0 4 _aالنظام السياسى فى الاسلام
650 0 4 _aالاحكام السلطانية
650 0 4 _aالحضارة الاسلامية
650 0 4 _aالامامة
650 0 4 _aالاسلام والسياسة
942 _2ddc
_cBK
999 _c35459
_d35459